| 000 | 01803nam a2200289 a 4500 | ||
|---|---|---|---|
| 001 | 000048900 | ||
| 003 | DO-SdBNP | ||
| 005 | 20250122105004.0 | ||
| 007 | ta | ||
| 008 | 190430s2016 pr a 000 0 spa d | ||
| 020 | _a9789945581515 | ||
| 040 |
_aDO-SdBNP _bspa _cBNPHU |
||
| 082 | 4 |
_bL951a _222 |
|
| 100 | 1 |
_a Lugo Ramírez, Doris E. _d1965- _986902 |
|
| 100 | 1 |
_a Lugo Ramírez, Doris E. _d1965- _986902 |
|
| 245 | 1 | 0 |
_aAnte el espejo de la muerte : _baproximación a la iconografía funeraria en Puerto Rico : análisis de tumbas y pinturas puertorriqueñas representativas de finales del siglo XIX al inicio del XXI / _cDoris E. Lugo Ramírez. |
| 260 |
_aSan Juan, Puerto Rico : _bIsla Negra Editores, _bEditorial del Instituto de Cultura Puertorriqueña, _c2016. |
||
| 300 |
_a298 p. : _bil. ; _c23 cm. |
||
| 490 | 1 | _aVisiones y cegueras | |
| 500 | _aIncluye datos biográficos de la autora en la solapa de la cubierta | ||
| 500 | _aIncluye referencias bibliográficas y notas al pie de las páginas | ||
| 504 | _aBibliografía : p. 263-273 | ||
| 505 | 0 |
_aPalabras iniciales -- _gCapítulo I _tLa muerte como fuente investigativa -- _tVisión ideológica, escatológica e iconográfica de la muerte en Europa, América y Puerto Rico -- _gCapítulo II _tVisión ideológica, escatológica e iconográfica de la muerte en Europa, América y Puerto Rico -- _gCapítulo III _tMetáforas contra la muerte: Análisis iconográfico de la estatuaria funeraria -- _tCapítulo IV _tLa muerte disimulada: Análisis iconográfico de la pintura puertorriqueña de temática funeraria -- _tConclusiones -- _tApéndices -- _tÍndices de fotografías, ilustraciones y pinturas citadas en el libro -- _tAgradecimientos |
|
| 590 | _aInventariado, 2019/LP | ||
| 830 | 0 |
_aVisiones y cegueras _91120 |
|
| 942 |
_2ddc _cLBS1 |
||
| 999 |
_c48388 _d48388 |
||